Southville International School and Colleges
Your cart is empty.
  • Cart
  • Lists
    Public lists Eva Luna New books Lux_list list_1
    Your lists Log in to create your own lists
  • Log in to your account
  • Your cookies
  • Search history
Southville International School and Colleges
  • Advanced search
  • Recent comments
  • Most popular
  • Libraries

Log in to your account

Log in with GOOGLE


If you do not have an external account, but do have a local account, you can still log in:

  1. Home
  2. MARC view: Horrible Harry goes to the moon /
Normal view MARC view ISBD view

Horrible Harry goes to the moon / (Record no. 42504)

[ view plain ]
MARC details
000 -LEADER
fixed length control field 01334cam a2200349 a 4500
001 - CONTROL NUMBER
control field 2158104
003 - CONTROL NUMBER IDENTIFIER
control field OSt
005 - DATE AND TIME OF LATEST TRANSACTION
control field 20140407103849.0
008 - FIXED-LENGTH DATA ELEMENTS--GENERAL INFORMATION
fixed length control field 990518s2000 nyua b 000 1 eng
010 ## - LIBRARY OF CONGRESS CONTROL NUMBER
LC control number 99032049
020 ## - INTERNATIONAL STANDARD BOOK NUMBER
International Standard Book Number 0670887641
040 ## - CATALOGING SOURCE
Original cataloging agency DLC
Transcribing agency DLC
Modifying agency DLC
050 00 - LIBRARY OF CONGRESS CALL NUMBER
Classification number PZ 7
Item number .K65Hhm 2001
100 1# - MAIN ENTRY--PERSONAL NAME
Personal name Kline, Suzy.
9 (RLIN) 22979
245 10 - TITLE STATEMENT
Title Horrible Harry goes to the moon /
Statement of responsibility, etc by Suzy Kline ; pictures by Frank Remkiewicz.
260 ## - PUBLICATION, DISTRIBUTION, ETC. (IMPRINT)
Place of publication, distribution, etc New York :
Name of publisher, distributor, etc Viking,
Date of publication, distribution, etc 2000.
300 ## - PHYSICAL DESCRIPTION
Extent 51, [2] p. :
Other physical details ill. ;
Dimensions 22 cm.
520 ## - SUMMARY, ETC.
Summary, etc Inspired by his third-grade class's study of the moon, Harry announces that he is going there.
521 ## - TARGET AUDIENCE NOTE
Target audience note
526 ## - STUDY PROGRAM INFORMATION NOTE
Reading level 340
562 ## - COPY AND VERSION IDENTIFICATION NOTE
Number of copies For circulation. 2 copies in the collection
650 #1 - SUBJECT ADDED ENTRY--TOPICAL TERM
Topical term or geographic name as entry element Schools
Form subdivision Fiction.
9 (RLIN) 23021
651 #1 - SUBJECT ADDED ENTRY--GEOGRAPHIC NAME
Geographic name Moon
Form subdivision Fiction.
9 (RLIN) 23022
700 1# - ADDED ENTRY--PERSONAL NAME
Personal name Remkiewicz, Frank.
9 (RLIN) 23023
856 42 - ELECTRONIC LOCATION AND ACCESS
Materials specified Contributor biographical information
Uniform Resource Identifier <a href="http://www.loc.gov/catdir/enhancements/fy1207/99032049-b.html">http://www.loc.gov/catdir/enhancements/fy1207/99032049-b.html</a>
856 42 - ELECTRONIC LOCATION AND ACCESS
Materials specified Publisher description
Uniform Resource Identifier <a href="http://www.loc.gov/catdir/enhancements/fy1207/99032049-d.html">http://www.loc.gov/catdir/enhancements/fy1207/99032049-d.html</a>
906 ## - LOCAL DATA ELEMENT F, LDF (RLIN)
a 7
b cbc
c orignew
d 1
e ocip
f 19
g y-gencatlg
942 ## - ADDED ENTRY ELEMENTS (KOHA)
Source of classification or shelving scheme Library of Congress Classification
Koha item type Books
Holdings
Withdrawn status Lost status Source of classification or shelving scheme Damaged status Home library Current library Shelving location Date acquired Total Checkouts Full call number Barcode Date last seen Copy number Price effective from Koha item type
    Library of Congress Classification   Munich Library Munich Library Scholastic Reading Center Section 03/03/2014   PZ 7 .K65Hhm 2001 MS0887 03/03/2014 1 03/03/2014 Books

Horrible Harry goes to the moon /

APA

Kline S., Remkiewicz F., . (2000). Horrible Harry goes to the moon. New York: Viking.

Chicago

Kline Suzy, Remkiewicz Frank, . 2000. Horrible Harry goes to the moon. New York: Viking.

Harvard

Kline S., Remkiewicz F., . (2000). Horrible Harry goes to the moon. New York: Viking.

MLA

Kline Suzy, Remkiewicz Frank, . Horrible Harry goes to the moon. New York: Viking. 2000.

  • Place hold
  • Print
  • Cite
  • Add to your cart (remove)
  • Save record
    BIBTEX Dublin Core MARCXML MARC (non-Unicode/MARC-8) MARC (Unicode/UTF-8) MARC (Unicode/UTF-8, Standard) MODS (XML) RIS
  • More searches
    Search for this title in:
    Other Libraries (WorldCat) Other Databases (Google Scholar) Online Stores (Bookfinder.com) Open Library (openlibrary.org)

Exporting to Dublin Core...

SOUTHVILLE LIBRARY

Southville International School and Colleges Library

1281 Tropical Ave. Cor. Luxembourg St., BF Homes International, Las Pinas City

Tel. No. 8256374 / 252358 Loc. 117/146

Powered by Koha